000 00694nam a2200253Ia 4500
003 OSt
005 20220918205803.0
006 a|||||r|||| 00| 0
007 ta
008 220917b |||||||| |||| 00| 0 eng d
024 _a117,913
037 _cTextual
040 _aARTS
_cARTS
_beng
041 _2eng
_aeng
082 _aV677:1:N7, L0
100 _aDavid
_959610
245 0 _aAlgeria the politics of a socialist revolution
260 _aBerkeley
_bUniversity of California Press
_c1970
300 _a322p
_ccm.
650 _aHISTORY
700 _a Ottaway Marina
_9116169
942 _hV677:1:N7, L0
_cTEXL
_2CC
999 _c241190
_d241190